| 000 | 00888nam a2200289 a 4500 | ||
|---|---|---|---|
| 003 | AR-BaBNM | ||
| 005 | 20251128205409.0 | ||
| 008 | 082120s2002 ||||||||||||||000 | spa|| | ||
| 040 | _cAR-BaBNM | ||
| 100 | 1 | _aChomsky, Noam | |
| 245 | 0 | 0 |
_aLingüística cartesiana _bun capítulo de la historia del pensamiento racionalista |
| 260 |
_aMadrid _bGredos _c1969 |
||
| 300 | _a157 p. | ||
| 490 | 0 |
_aBiblioteca románica hispánica. Estudios y ensayos _vv. 2 |
|
| 500 | _aContiene referencias bibliográficas en p. 151 | ||
| 650 | 4 | _aLINGÜISTICA | |
| 650 | 4 | _aINVESTIGACION LINGUISTICA | |
| 650 | 4 | _aLENGUAJE | |
| 650 | 4 | _aRACIONALISMO | |
| 650 | 4 | _aLINGÜISTICA COMPARATIVA Y DIACRONICA | |
| 650 | 4 | _aTEORIA LINGÜISTICA | |
| 653 | _aHISTORIA DE LA LENGUA | ||
| 700 | 1 |
_aWulff, Enrique _etraductor |
|
| 800 | 1 |
_aAlonso, Dámaso _edirector |
|
| 942 | _cBK | ||
| 998 | _cMARTIN | ||
| 999 |
_c11262 _d11262 |
||